Top 10 Lens Starting XI - Statistics

General Stats
  • This quiz has been taken 149 times
    57 since last reset
  • The average score is 18 of 64
Answer Stats
Team Player % Correct
2021-22, 2022-23, 2023-24, 2024-25 Facundo Medina
78%
2022-23, 2023-24, 2024-25 Brice Samba
73%
2021-22, 2022-23, 2023-24 Kevin Danso
73%
2022-23 Loïs Openda
73%
2021-22, 2022-23 Seko Fofana
71%
2021-22, 2022-23, 2023-24, 2024-25 Przemysław Frankowski
69%
2023-24 Elye Wahi
58%
2021-22, 2022-23, 2023-24, 2024-25 Florian Sotoca
53%
2022-23, 2024-2 Deiver Machado
47%
2021-22 Jonathan Clauss
44%
2022-23, 2023-24 Salis Abdul Samed
42%
2021-22, 2022-23, 2023-24, 2024-25 Jonathan Gradit
40%
2023-24, 2024-25 Neil El Aynaoui
40%
2022-23, 2024-25 Adrien Thomasson
38%
2021-22 Gaël Kakuta
36%
2024-25 Andy Diouf
33%
2001-02 El Hadji Diouf
33%
2005-06 Alou Diarra
31%
2021-22 Arnaud Kalimuendo
31%
2023-24 David Costa
31%
2024-25 M'Bala Nzola
31%
2002-03, 2005-06 Seydou Keita
31%
2021-22 Jean-Louis Leca
29%
2023-24 Ruben Aguilar
29%
2002-03, 2005-06 Charles Itandje
27%
2001-02, 2002-03 Daniel Moreira
27%
1995-96, 1997-98 Tony Vairelles
27%
2005-06 Aruna Dindane
24%
2021-22 Cheick Doucouré
24%
2002-03 Rigobert Song
24%
2005-06 Vitorino Hilton
24%
2001-02, 2002-03, 2005-06 Adama Coulibaly
22%
2005-06, Daniel Cousin
22%
2005-06 Jussiê
22%
1997-98 Vladimír Šmicer
22%
1994-95, 1997-98 Éric Sikora
20%
1994-95, 1995-96, 1997-98, 2001-02 Guillaume Warmuz
20%
2002-03 John Utaka
20%
2005-06 Yohan Demont
20%
2024-25 Anass Zaroury
18%
2005-06 Benoît Assou-Ekotto
18%
1995-96 Titi Camara
18%
1994-95, 1995-96, 1997-98 Frédéric Déhu
16%
2002-03 Jacek Bąk
16%
1994-95, 1995-96, 1997-98, 2001-02 Jean-Guy Wallemme
16%
1994-95 Roger Boli
16%
2001-02, 2002-03 Antoine Sibierski
13%
2001-02, 2002-03 Charles-Édouard Coridon
13%
1995-96 Christophe Delmotte
13%
2005-06 Olivier Thomert
13%
2001-02 Valérien Ismaël
13%
2002-03 Yoann Lachor
13%
1997-98 Yohan Lachor
13%
1997-98 Anto Drobnjak
11%
1994-95, 1995-96, 1997-98 Cyrille Magnier
11%
2001-02 Ferdinand Coly
11%
1994-95, 1995-96 Frédéric Meyrieu
11%
2001-02, 2002-03 Jocelyn Blanchard
11%
1994-95 Joël Tiéhi
11%
1994-95, 1995-96, 1997-98 Mickaël Debève
11%
1994-95, 1995-96 Pierre Laigle
11%
2001-02 Stéphane Pédron
11%
1997-98 Stéphane Ziani
11%
1994-95 Jimmy Adjovi-Boco
9%
No matching quizzes found
Score Distribution
Percent of People with Each Score
Percentile by Number Answered
Your Score History
You have not taken this quiz since the last reset